Vade-mecum encyclopedique du medecin praticien : ce qu'il faut savoir, ce qu'il faut faire, ce qu'il faut eviter
Αποθηκεύτηκε σε:
| Κύριος συγγραφέας: | |
|---|---|
| Μορφή: | Βιβλίο |
| Γλώσσα: | French |
| Δημοσίευση: |
Paris :
Librairie Maloine,
1959
|
| Έκδοση: | 4η εκδ., αναθ., επαυξ. |
| Σειρά: | Le Medecin et son malade
|
| Θέματα: | |
| Ετικέτες: |
Προσθήκη ετικέτας
Δεν υπάρχουν, Καταχωρήστε ετικέτα πρώτοι!
|
MARC
| LEADER | 00000cam a2200000 a 4500 | ||
|---|---|---|---|
| 001 | 1/107647 | ||
| 008 | 150723s1959####fr | ||| |||| ||fre|| | ||
| 040 | |a GR-MyUa |b gre |c GR-MyUa |e AACR2 | ||
| 041 | 0 | |a fre | |
| 082 | 7 | |a 616 |2 (23) | |
| 100 | 1 | |a Dousset, H. | |
| 245 | 1 | 0 | |a Vade-mecum encyclopedique du medecin praticien : |b ce qu'il faut savoir, ce qu'il faut faire, ce qu'il faut eviter / |c H. Dousset. |
| 250 | |a 4η εκδ., αναθ., επαυξ. | ||
| 260 | |a Paris : |b Librairie Maloine, |c 1959 | ||
| 300 | |a 1167 σ. : |b εικ. ; |c 20 εκ. | ||
| 490 | 1 | |a (Le Medecin et son malade) | |
| 504 | |a Περιέχει ευρετήριο. | ||
| 650 | 0 | |a Medicine |x Handbooks, manuals, etc. | |
| 830 | 0 | |a Le Medecin et son malade | |
| 852 | |a INST |b SAMOS |c MOR |e 20150723 |h 616 DOU |p 005300042460 |q 005300042460 |t NOLOAN |y 23 | ||
| 970 | |a Κοσιέρης |b Χρήστος |z 23-07-2015 | ||